000 01026nam1a22003011i 4500
001 RU\INFOCOMM_327\NLR\5000003019
005 20240726232555.0
010 _95250 экз.
035 _a(NLR Aleph) 011016541
090 _a11050455
_c11050455
100 _a20121204d1983 |||y0rusy50 ba
101 1 _afre
_crus
102 _aRU
105 _ay z||||
200 1 _aMachines électriques
_fPar A. Ivanov-Smolenski
_g[Trad. du russe par V. Koliméev]
210 _aM.
_cMir
_d1983
215 _d22 см
225 1 _aTechnique soviétique
320 _aДоп. тит. л. на рус. яз.
320 _aВ вып. дан.: Электрические машины / Алексей Владимирович Иванов-Смоленский
620 _aМосква
686 _aЗ261
_2rubbk
700 1 _9z01790
_aIvanov-Smolenskij
_bA. V.
_gAleksej Vladimirovič
790 1 _9z01700
_aIvanov-Smolenski
_bA.
_4070
801 1 _aRU
_bInfoComm
_c20121204
801 0 _aRU
_bNLR
_gPSBO
852 _aNLR
_jТ21 Д-5/156
942 _cBOOK